000 00453nab a2200145Ia 4500
003 ES-SlBCS
005 20210601135704.0
008 140529s1997 xxu||||| |||| 00| 0 spa d
041 _aspa
100 1 _aMette, Norbert
_921243
245 0 0 _a¿Es Jesús difícil? El problema de invitar hoy al discipulado cristiano
_c Norbert Mette
650 0 4 _aDiscipulado Cristiano
_9235403
773 0 _tConcilium
_gnº. 269, 1997, págs. 29-41
_wRev134
942 _cAR
999 _c632316
_d632316